=LDR 00000nam 2200000 4500 =001 INLIS000000000027416 =005 20130612125808 =008 ***********************************Ind** =035 ##$$0010-061300000027416 =041 ##$$a Ind =082 ##$$a 920 =090 ##$$a 920, Res d =100 ##$$a Restu,RA =245 ##$$a Diary hitam putih, Restu RA;Editor,Akhiriati sundari =260 ##$$a Matapena6c2007 $b Yogyakarta =300 ##$$a vi,151 hlm, 16 cm =650 ##$$a Buku-Haman =700 ##$$a Sundari,akhiriati =850 ##$$a NBPNMAT